ITGC - Roman & Byzantine periods in the land of Israël - Part 2 - Statistics

General Stats
  • This quiz has been taken 6 times
  • The average score is 18 of 26
Answer Stats
Question Answer % Correct
Eudocia was : All answers are correct
100%
A "Laterin" is : A toilet room
100%
A "Pedestal" is : The supporting base at a bottom of a statue
100%
The base of this legion in Jerusalem during the Roman Period was at : The Western Hill area, between Mount Zion and the modern Jaffa Gate
100%
Emperor Justinian ruled at the : 6th century : 527 - 565 CE
80%
Which of these elements can be seen in the mosaic of the old synagogue at Tzipori : All answers are correct
80%
What is the name of the hot room in a roman bath house ? Caldarium
80%
During the Byzantine period, the monastic movement arrived in the Land of Israël. One of the central areas where it took place is : Judean Desert
80%
The most prominent Byzantine emperor who ruled in the 5th century is called : Justinian
80%
During the Byzantine period, the Jews in the land of Israël were not allowed to live in Jerusalem, and therefore they primarily concentrated in which area ? North of the land of Israël
80%
Which of the following monasteries is not located in the territory of the Land of Israël ? Santa Katarina
80%
The western Cardo in the old city of Jerusalem starts at the Damascus Gate and ends at : The Jewish Quarter of today
80%
In one of the houses in Tzipori, a unique and impressive mosaic was found, featuring the image of a woman known as : The Mona Lisa of Tzipori
80%
Rabbi Judah the Prince lived in : Tzipori
80%
The place were Jesus was trialed according to the Christian tradition is : ( A ) ans ( C ) answers are correct
60%
What is the meaning of the word "Sarcophagus" ? A stone coffin
60%
The mosaic of the birds in Caesarea shows : Different animals from the land of Israël and its surroundings
60%
The Onomasticon was written by : Eusebius
60%
The same monk invented the monastic way of life called : Laura
60%
What is NOT part of a Hypodermic design ? Parthenon
60%
Which large and magnificent church stood in Jerusalem during the Byzantine period at the area of today's Jewish Quarter : The Nea Church
60%
In the period after the destruction of the Jewish Temple, the Jews in the land of Israël were led by a council of sages called : The Sanhedrin
60%
The name of the first monk who came to the Judean Desert and founded the monastic movement in the land of Israël is : Haritun
40%
Eudocia built : the Walls of Jerusalem
40%
The eastern Cardo in the old city of Jerusalem starts at the Damascus Gate and ends at : Dung Gate
20%
A stone with the marking of the "10th legion fritensis" was found at the old city of Jerusalem near : Jaffa Gate
20%
No matching quizzes found
Score Distribution
Percent of People with Each Score
Percentile by Number Answered
Your Score History
You have not taken this quiz